000 00278nam a2200121Ia 4500
008 191201s2010 xx 000 0 und d
100 _aGOPAL, C Rama
245 0 _aManagement of Financial
260 _aN. Delhi
_bVikas
_c2010
300 _a569
650 _aBBA
942 _2ddc
_cBK
999 _c6068
_d6068